Tratatto elementare teorico-pratico di Ragioneria generale / (Record no. 30836)

MARC details
000 -LEADER
campo de control de longitud fija 00641nam a2200181 i 4500
001 - NÚMERO DE CONTROL
campo de control 30836
003 - IDENTIFICADOR DE NÚMERO DE CONTROL
campo de control ES-MaACL
005 - FECHA Y HORA DE LA ÚLTIMA TRANSACCIÓN
campo de control 20230906154248.0
007 - CAMPO FIJO DE DESCRIPCIÓN FÍSICA--INFORMACIÓN GENERAL
campo de control de longitud fija t|
008 - DATOS DE LONGITUD FIJA--INFORMACIÓN GENERAL
campo de control de longitud fija 030127s1921 it ||||1| ita d
100 1# - ENTRADA PRINCIPAL--NOMBRE DE PERSONA
Nombre de persona Bellini, Clitofonte.
9 (RLIN) 27223
245 10 - MENCIÓN DEL TÍTULO
Título Tratatto elementare teorico-pratico di Ragioneria generale /
Mención de responsabilidad, etc. de Clitofonte Bellini ; preceduto della conferenza Il Pensiero e l'Opera di Giuseppe Cerboni.
250 ## - MENCION DE EDICION
Mención de edición 9ª ed. riv. e accrescuita.
260 ## - PUBLICACIÓN, DISTRIBUCIÓN, ETC.
Lugar de publicación, distribución, etc. Milano :
Nombre del editor, distribuidor, etc. [s.n.,
Fecha de publicación, distribución, etc. 1921] (
Fabricante Umberto Allegretti)
300 ## - DESCRIPCIÓN FÍSICA
Extensión XXXV, 469 p. ;
Dimensiones 23 cm.
700 1# - ENTRADA AGREGADA--NOMBRE PERSONAL
Nombre de persona Cerboni, Giuseppe.
9 (RLIN) 37443
852 ## - LOCALIZACIÓN
Ubicación ES-MaACL
Número de control de estantería F-5511
Sublocalización o colección R.5110
Holdings
Estatus retirado Estado de pérdida Estado de daño No para préstamo Biblioteca de origen Biblioteca actual Ubicación en estantería Fecha de adquisición Fuente de adquisición Total de préstamos Signatura topográfica completa Código de barras Visto por última vez Precio de reemplazo Tipo de ítem Koha
        Biblioteca del Ateneo de Madrid Biblioteca del Ateneo de Madrid Depósito 2 17/01/2008     F-5511 1031852 23/02/2023 23/02/2023 Libro impreso